=LDR 00000nam 2200000 4500 =001 INLIS000000000004153 =005 20250630022747 =035 ##$$a 0010-0625000358 =007 ta =008 250630################f##########0#ind## =020 ##$$a 978-979-044-039-5 =082 ##$$a 618 =084 ##$$a 35 MAN i =100 #$$a Manuaba Chandranita Ida Ayu =245 1#$$a Ilmu Kebidanan, Penyakit Kandungan dan KB : $b Untuk Pendidikan Bidan /$c Manuaba Chandranita Ida Ayu =250 ##$$a Ed.2 =260 ##$$a Jakarta :$b EGC,$c 2005 =300 ##$$a 693 : $b Kebidanan ; $c 15,5 x 24 cm =500 ##$$a Ilmu Kebidanan =700 #$$a Manuaba Ida Bagus Gde Fajar =700 #$$a Manuaba Ida Bagus Gde =600 4$$a Manuaba Chandranita Ida Ayu =990 ##$$a B-2021-00088